=LDR 00000nam 2200000 4500 =001 INLIS000000001052282 =005 20240822074847 =035 ##$$a 0010-0824000100 =007 ta =008 240822###########################0###### =020 ##$$a 978-89-6329-591-6 =082 ##$$a 028.55 =084 ##$$a 028.55 CHO a =100 #$$a Choi Eun-gyu =245 1#$$a Apa ini? /$c Choi Eun-gyu; ilustrator, Won Won-il =260 ##$$a Gyeonggi-do :$b Korea Tolstoi,$c 2008 =300 ##$$a 31 hlm. : $b ilus. ; $c 26 cm =650 #4$$a Bacaan kanak-kanak =700 #$$a Won Won-il (ilustrator) =990 ##$$a 3202401663 =990 ##$$a 3202401663